00614nam a2200181 4500003001100000005001700011008004100028020001800069040003900087041000800126082001300134100002000147245007600167260005600243650006300299650004600362650002400408LK-CoMWRAF20231212123520.0231212b |||||||| |||| 00| 0 eng d a9789556250558 aLK-CoMWRAFdLK-CoMWRAFeLK-CoMWRAF aeng a346bSIR aSiripala, Nimal aDemystifying popular myths on demographic trends of Muslim in Sri Lanka aColombo :bMuslim women's research and action forum aPopular myths on demographic trends of Muslim in Sri Lanka aDemographic trends of Muslim in Sri Lanka aMuslim in Sri Lanka